000 00631nab a2200205 4500
999 _c372073
_d372073
001 866
003 OSt
005 20230102123324.0
007 tu
008 ||||||||||||
040 _aDE-2950
_cDE-2950
245 0 0 _aZwanzig Jahre als Grenz-Pendlerin im Halbleiterwerk (1971-1991).
_bIrena Sokolowska aus Slubice im Gespräch mit Marcin Wierzbowski
260 _c2022
525 _aEnthaltene Fotografien: zahlreiche Fotografien
653 _aFrankfurt (Oder)
653 _aHalbleiterwerk
653 _aPolnische Arbeitskräfte
773 0 _g01.01.2022-31.12.2022, S. 196-200
_tFrankfurter Jahrbuch 2022
942 _2z
_cA